000 00317 a2200157 4500
001 46471
020 _a
040 _cAnchieta - Aquarius
100 _aMaciel, Erika
240 1 0 _aFormikinha
_lpor
245 1 0 _aFormikinha
300 _a
362 0 _a2010
650 4 _aLiteratura infanto-juvenil
942 _cBK
999 _c46471
_d46471